banner-ar

الصراع من اجل نظام سياسى جديد : (Record no. 62579)

MARC details
000 -الفاتح
حقل البيانات ثابتة الطول 01044nam a22002537a 4500
005 - وقت وتاريخ اخر تعامل مع التسجيلة
رقم الضبط 20240530110557.0
008 - عناصر البيانات ثابتة الطول - معلومات عامة
حقل البيانات ثابتة الطول 160611s2013 ua f b 000 0 ara d
017 ## - رقم الايداع القانونى
رقم الايداع القانونى 2012/22791
المصدر ( الهيئة المختصة) مصر . دار الكتب المصرية
020 ## - الرقم الدولى المعيارى للكتب
الرقم الدولى المعيارى للكتاب 9789774277993
040 ## - مصدر الفهرسة
وكالة الفهرسة الأصلية EG-CaGPL
082 04 - رقم تصنيف ديوى العشرى
رقم الطبعة 21
رقم التصنيف 320.962081
رقم المادة ق/ع ص
100 0# - المدخل الرئيسى - إسم شخصى
الإسم الشخصى على الدين هلال .
245 12 - بيان العنوان
العنوان الصراع من اجل نظام سياسى جديد :
بقية العنوان مصر بعد الثورة /
بيان المسئوليه,etc على الدين هلال ، مازن حسن ، مى مجيب .
250 ## - بيان الطبعة
بيان الطبعة ط1.
260 ## - PUBLICATION, DISTRIBUTION, ETC. (IMPRINT)
تاريخ النشر أو التوزيع 2013 .
300 ## - الوصف المادى
التعداد 511 ص ؛
أبعاد الوعاء 24 سم .
504 ## - تبصرة ببليوجرافية
تبصرة ببليوجرافية,الخ ببليوجرافية : ص 489 - 511
651 04 - المدخل الاضافى بالموضوع - اسم جغرافى
الاسم الجغرافي مصر
التقسيم الفرعي العام الاحزاب الساسية .
651 04 - المدخل الاضافى بالموضوع - اسم جغرافى
الاسم الجغرافي مصر
التقسيم الفرعي العام الاحوال السياسية
التقسيم الفرعي الزمني ثورة 25 يناير .
700 0# - المدخل الاضافى - اسم شخصى
الإسم الشخصى مازن حسن
الدور مؤلف مشارك .
700 0# - المدخل الاضافى - اسم شخصى
الإسم الشخصى مى مجيب
الدور مؤلف مشارك .
942 ## - عناصر المدخل الإضافي( كوها)
مصدر التصنيف او مخطط الترفيف Dewey Decimal Classification
Koha [default] item type كتاب
260 ## - PUBLICATION, DISTRIBUTION, ETC. (IMPRINT)
-- القاهرة :
-- الدار المصرية اللبنانية ،
Holdings
حالة التراجع حالة الفقد حالة تلف ليس للاعارة المكان المؤقت الموقع الحالى تاريخ الاكتساب اجمالي اﻻعارات رقم الطلب الباركود تاريخ اخر مشاهدة تاريخ تفعيل السعر نوع وعاء كوها
        مكتبة القاهرة الكبرى مكتبة القاهرة الكبرى 08/30/2016   320.962081 ق/ع ص 162349 10/05/2022 08/30/2016 كتاب

Powered By

EGPV